000 00462nam a2200181Ia 4500
003 LK-CoDNM
005 20240730154758.0
008 010623t1961 xxu||||| |||| 00| 1 eng d
040 _aLK-CoDNM
_dLK-CoDNM
_eLK-CoDNM
041 _aeng
080 _a8
_bJJ53
100 _aRex,John.
245 _aKey Problems of Sociological theory
260 _bRoutledge and Kegan Paul
_aLondon
_c1961
300 _bix, 194p. : 22 cm
650 _aSociology
942 _cBK
999 _c105576
_d105576